Bài giảng lí luận dạy học hiện đại
Bewaard in:
| Hoofdauteur: | |
|---|---|
| Formaat: | Boek |
| Taal: | Undetermined |
| Gepubliceerd in: |
Hà Nội
Đại học Quốc gia Hà Nội
2000
|
| Onderwerpen: | |
| Tags: |
Voeg label toe
Geen labels, Wees de eerste die dit record labelt!
|
| Thư viện lưu trữ: | Trung tâm Học liệu Trường Đại học Cần Thơ |
|---|
| LEADER | 00574nam a2200193Ia 4500 | ||
|---|---|---|---|
| 001 | CTU_41822 | ||
| 008 | 210402s9999 xx 000 0 und d | ||
| 020 | |b .000đ | ||
| 082 | |a 370.1 | ||
| 082 | |b Đ110 | ||
| 100 | |a Đỗ, Ngọc Đạt | ||
| 245 | 0 | |a Bài giảng lí luận dạy học hiện đại | |
| 245 | 0 | |c Đỗ Ngọc Đạt | |
| 260 | |a Hà Nội | ||
| 260 | |b Đại học Quốc gia Hà Nội | ||
| 260 | |c 2000 | ||
| 650 | |a Education | ||
| 904 | |i Nguyễn Quang Điền | ||
| 980 | |a Trung tâm Học liệu Trường Đại học Cần Thơ | ||